|
|
|
|
| LEADER |
00803nab a2200229 i 4500 |
| 001 |
misc64201 |
| 005 |
20230502143838.0 |
| 008 |
230105s1932 hu o 0|| ger d |
| 040 |
|
|
|a SZTE Miscellanea Repozitórium
|b hun
|
| 041 |
|
|
|a ger
|
| 100 |
1 |
|
|a Patsch Carl
|
| 245 |
1 |
0 |
|a Montenegro
|h [elektronikus dokumentum] /
|c Patsch Carl
|
| 260 |
|
|
|c 1932
|
| 300 |
|
|
|a 635-640
|c 27 cm
|
| 300 |
|
|
|a [6] p.
|c 27 cm
|
| 490 |
0 |
|
|a Enzyklopaedie des Islam : geographisches, ethnographisches und biographisches Wörterbuch der Muhammedanischen Völker
|
| 561 |
|
|
|a Németh Gyula hagyaték
|
| 591 |
|
|
|a NOA 4537
|
| 650 |
|
4 |
|a Bölcsészettudományok
|
| 650 |
|
4 |
|a Történettudomány és régészet
|
| 695 |
|
|
|a Montenegró története
|
| 856 |
4 |
0 |
|u http://misc.bibl.u-szeged.hu/64201/1/4537_noa.pdf
|z Dokumentum-elérés
|